| 000 | 01299cab a2200193 4500 | ||
|---|---|---|---|
| 001 | L130502 | ||
| 008 | 050808n2005 000 0 eng u | ||
| 035 | _a(Sirsi) u130502 | ||
| 041 | _aeng | ||
| 100 | _aBrewer, Geoff | ||
| 245 | _aPayment certificates | ||
| 260 | _c2005 | ||
| 490 |
_aContract Journal _v429(6534) 20 July 2005, 30(1) |
||
| 520 | _aDiscusses the case Henry Boot Construction Ltd v Alstom Combined Cycles Ltd ([2005] EWCA Civ 814) which considered the issue of the application of the Limitation Act 1980 to payment claims. The original arbitration involved a final certificate issued for £44m when the total sum in the final account was £102m. Alstom claimed that Boot's claims were statute barred at the date of the final certificate and no further monies were due to Boot. The arbitrator agreed with Alstom but Boot appealed. The CA allowed Boot's appeal on the grounds that a contractor's right to payment under the ICE standard construction contract arose when the a payment certificate was issued or ought to have been issued under Clause 60 and not when the work was done. | ||
| 590 | _aIKA160805 | ||
| 650 | _aHENRY BOOT CONSTRUCTION V ALSTOM COMBINED CYCLES | ||
| 690 | _aBUILT ENVIRONMENT-BUILDING CONTRACT FORMS-STANDARD FORMS OF BUILDING CONTRACT | ||
| 942 | _n0 | ||
| 999 |
_c75657 _d75657 |
||